MDQL
is popping MORE tags! Check the
thread
!
Quizzes
Events
Quiz Creation
Community
Videos
Private Events
Remove Ads
Sign In
Join for FREE
Feedback
Dark Mode
Quiz Categories
Sports
Geography
Music
Movies
Television
Just For Fun
Miscellaneous
History
Literature
Language
Science
Gaming
Entertainment
Religion
Holiday
For Kids
Quiz Lab
Recent
Popular Today
Quiz Kudos Today
Editor Picks
Curator Picks
Quizzes by...
Day
Popularity
Type
Ratings
Length
Year
Community
Subscriptions
Recent Discussions
Orange Saloon
Badges
Playlists
Quests
Create
Leaderboards
Showdown
Live 5
Trivia Bingo
Activity
Puzzle Library
Sporcle Events
Private Events
Virtual Trivia
Globe League
Become a Host
Pub Owners
SporcleCon
Opinionation
Our Games
Videos
Blog
Mobile Apps
Partnerships
Remove Ads and Go Orange
Feedback
Entertainment
Celebrity
Famous
Musical
Broadway
Show
Quote
Comic Books
Anime
Superhero
DC Comics
Marvel
Cartoons
Animation
Entertainment
Celebrity
Famous
Musical
Broadway
Show
Quote
Comic Books
Anime
Superhero
DC Comics
Marvel
Cartoons
Animation
Random Quiz
Search Sporcle
×
Quiz Lab
Quiz Lab
Entertainment
Quote
Type in answers that appear in a list
Type in answers that appear in a list
Classic
Best Score? Go Orange.
First Lines in Starkid's AVPS Stats
Can you name the First Lines in Starkid's AVPS?
By
DizzyStizzy
8m
29 Questions
2,198 Plays
2,198 Plays
2,198 Plays
Comments
Comments
Give Quiz Kudos
Give Quiz Kudos
-
- Ratings
hide this ad
Forced Order
Answers have to be entered in order
Answers have to be entered in order
Random Order
Randomize order of answers
Randomize order of answers
Replay
Link that replays current quiz
Next Quiz
Link to next quiz in quiz playlist
You Got
0%
They Got
Avg Score
72%
Avg Friend Score
Upgrade to see
Score Distribution
Jump to the score distribution portion of the page
Score
0/29
Timer
08:00
0
Plays Today
Quote
Character
% Correct
Did somebody say Ron?!
Ron
91.7%
WHAT THE DEVIL IS GOING ON HEEREEEEEEEEEE?!
Snape
91.5%
Someone tell me how to get to platform 9 3/
4!
Harry
90.7%
CROOKSHANKS! Sorry, sometimes he just crawls into the darndest places!
Hermione
90.7%
Bloody Hell! It's Harry Potter!
Seamus
88%
Hoot, hoot! Seamus Finnigan! Letter for Seamus Finnigan
Hedwig
87.3%
Oh Malfoy, you little ****.
Dumbledore
86.8%
Ohhh, hurry kids, we're gonna miss the train!
Molly
86.5%
Will you sign my Harry Potter poster, Mr. Potter?
Neville
86.5%
Nee How, Harry Potter.
Cho Chang
85.6%
Oh boy, real muggles!
Arthur
81.8%
That is the mirror of Erised, Harry.
Sirius Black
80.5%
Yo, whattup man?!
Dean
78.1%
Heterosexual!
Scarfy
78%
Ahh, expelliarmus! Take that you bastard ass!
Lupin
75.7%
Quote
Character
% Correct
Who DARES disturb my slumber?
Goyle
75.7%
Leave him alone! What's poor Severus ever done to you?
Lily
75.6%
You're late.
Lucius
70.3%
Ahem.
Umbridge
69.4%
Late! What does it matter?
Yaxley
65%
Did somebody say Harry Potter?!
Rita Skeeter
64.6%
Lucius malfoy, why have you called us here, mahh!
Death Eater
63.8%
Candy from the trolley?
Candy Lady
62.9%
Well, well, well
Draco Malfoy
62.9%
Gryffindor! Gryffindor! Gryffindor!
Sorty
61.6%
Hey, sourgrape, expelliarmus, impedimenta!
James Potter
57.7%
No one shall harm Harry Potter!
Firenze
39.6%
You FINALLY figured it out!
Pettigrew
27%
You too, girl!
Crabbe
20.6%
Quiz Playlist
Details
Report
Send in Message
Add To Playlist
Classic:
Type in answers that appear in a list
Forced Order:
Answers have to be entered in order
Random Order:
Randomize order of answers
Last Updated: Feb 16, 2017
Quiz Scoreboard
CHALLENGE
Sign Up to Join the Scoreboard
Show All
Scores
Hide
Comments
May contain spoilers
Recently Published
Holiday 10x10 Sorting Gallery
by lukepisani3
Holiday
15m
Two Season TV Shows II
by 123Four
Television
10m
Image Sorting: Flags VI
by Barbecue
Geography
2m
More to Explore
Quiz From the Vault
Featured Blog Post
14 Easter Pick-up Lines to Find Eggs With
hide this ad
You Might Also Like...
Tags
Quote Quiz
Character
starkid
Today's Top Quizzes in Entertainment
Browse Entertainment
hide this ad
Today's Top Quizzes in Quote
Browse Quote
Top Contributed Quizzes in Entertainment
1
Marvel Classic Character Map
2
Movie-Themed Roller Coasters
3
Dragon Ball Z: Goku's Fights in Order
4
Marvel Characters Bunker
5
Sorting Pictures: Villains
6
Who stole Onew's chicken? (KPOP LOGIC QUIZ)
7
Haikyuu Logic Quiz
8
Celebrity Spelling Bee
9
JoJo's Bizarre Logic Quiz
10
Harry Styles-Are you no.1 fan
Explore More
Trending Topics
Crossword
Kpop
Disney
NBA
Harry Potter
Anime
Marvel
The Office
Song
NFL
WWE
Pokémon
Country
Soccer
Puzzle
hide this ad
More By:
DizzyStizzy
Quiz
Plays
Rating
Category
Featured
Created
Finish the Starkid Quote...
2,744
2.83
Entertainment
Aug 13, 2011
First Lines in Starkid's AVPS
2,198
4.00
Entertainment
Aug 7, 2011
Starkid Trivia
1,810
3.50
Entertainment
Jul 26, 2011
Ultimate Red Dwarf Quiz
995
3.80
Television
Jul 26, 2011
Harry Potter Quiz *DIFFICULT AND OBSCURE*
952
2.21
Literature
Oct 21, 2011
Go to Creator's Profile
Score Distribution
Quiz Creator Spotlight
DizzyStizzy
Follow
Send a Message
Quizzes Created
-
Created Quiz Play Count
-
More By This Creator
Popular Quizzes Today
1
Find the US States - No Outlines Minefield
2
Colored Red Africa Blitz
3
Find the 'City' Movie
4
The Countries of the World
5
5x2 Blitz: Bands
6
Find the Countries of Europe - No Outlines Minefield
7
Find the US States
8
US States
More Entertainment Quizzes
Click the 'K' Actresses
Quiz Lab
Trending Quizzes
Colored Red Europe Blitz I
Colored Red Africa Blitz II
Colored Red Europe Blitz II
Even More Two Season TV Shows
Colored Red Africa Blitz III
Recently Updated
Quick Pick: 20 Twenties
pecheneg
March Madness Men's Triple Doubles
pecheneg
How Do You Spell That?
pecheneg
Godzilla Movies
pecheneg
Grab Bag: 4-10 Letters
pecheneg
2024 March Madness Bracket
pecheneg
Famous TV Couples
Peacemaker
Champions League XIs: Real Madrid
pecheneg
Largest US Cities 1790-2010
pecheneg
Rides in Walt Disney World
pecheneg
Trending Topics
Crossword
Marvel
NBA
Kpop
Disney
Harry Potter
Anime
Song
WWE
NFL
Soccer
The Office
Pokémon
Country
Puzzle
Your Account Isn't Verified!
In order to create a playlist on Sporcle, you need to verify the email address you used during registration. Go to your
Sporcle Settings
to finish the process.
Report this User
Report this user for behavior that violates our
Community Guidelines
.
Details:
Send Report
Go to the Sporcle.com Mobile Site →
Comments